000 00546nam a2200181Ia 4500
008 151202s9999||||xx |||||||||||||| ||und||
082 _bPNVM-32283
100 _aकाळे श्रीपाद.
245 _aकातळावरचे पाणी.
260 _b---
260 _c0
300 _a0
600 _aकाळे श्रीपाद.
630 _aकातळावरचे पाणी.
700 _aकाळे श्रीपाद.
730 _aकातळावरचे पाणी.
942 _cBOOK
999 _c1298244
_d1298241